Vista normal
Vista MARC
Entrada Meeting Name
Número de registros utilizados en: 1
001 - CONTROL NUMBER
- control field: 39438
003 - CONTROL NUMBER IDENTIFIER
- control field: OSt
005 - DATE AND TIME OF LATEST TRANSACTION
- control field: 20210817164233.0
008 - FIXED-LENGTH DATA ELEMENTS
- fixed length control field: 210817|| aca||aabn | a|a d
040 ## - CATALOGING SOURCE
- Original cataloging agency: OSt
- Transcribing agency: OSt
111 ## - HEADING--MEETING NAME
- Meeting name or jurisdiction name as entry element: Conferencias Radcliffe
- Date of meeting or treaty signing: (1969 :
- Location of meeting: Inglaterra)
670 ## - SOURCE DATA FOUND
- Source citation: Work cat.: (OSt)8344: 16996, La teoría del crecimiento : , 1976